000 00446nam a2200193Ia 4500
003 OSt
005 20251113122509.0
008 250729s2005 xx 000 0 und d
020 _a978-8183165655
040 _cAL
041 _aeng
082 _a420.7 RAOM
100 _aRao Venugopal K
_9224339
245 _aMethods of teaching english
260 _aNew Delhi
_c2005
300 _a189p
650 _aEnglish
_9224340
942 _2ddc
_cBED
999 _c236361
_d236361